书目信息 |
| 题名: |
食品发酵工业三废处理与工程实例
|
|
| 作者: | 曹健 , 李浪 主编 | |
| 分册: | ||
| 出版信息: | 北京 化学工业出版社 2007 |
|
| 页数: | 444页 | |
| 开本: | 21cm | |
| 丛书名: | ||
| 单 册: | ||
| 中图分类: | X792 | |
| 科图分类: | ||
| 主题词: | 食品--发酵--废物处理 , 食品 , 发酵 , 废物处理 | |
| 电子资源: | ||
| ISBN: | 978-7-122-00015-6 | |
| 000 | 00890nam0 2200277 450 | |
| 001 | 012007132308 | |
| 005 | 20070522171329.96 | |
| 010 | @a978-7-122-00015-6@dCNY32.00 | |
| 100 | @a20070514d2007 km y0chiy0120 ea | |
| 101 | 0 | @achi |
| 102 | @aCN@b110000 | |
| 105 | @aa z 000yy | |
| 106 | @ar | |
| 200 | 1 | @a食品发酵工业三废处理与工程实例@Ashi pin fa jiao gong ye san fei chu li yu gong cheng shi li@f曹健,李浪主编@Fcao jian,li lang zhu bian |
| 210 | @a北京@c化学工业出版社@d2007 | |
| 215 | @a444页@c图@d21cm | |
| 330 | @a本书共有六章。包括:总论,工业废水处理的基本方法,食品发酵工业废水处理实例,固体废弃物的生物处理及处置技术等。 | |
| 606 | 0 | @a食品@x发酵@x废物处理 |
| 606 | 0 | @a食品 |
| 606 | 0 | @a发酵 |
| 606 | 0 | @a废物处理 |
| 690 | @aX792@v4 | |
| 701 | 0 | @a曹健@Acao jian@4主编 |
| 701 | 0 | @a李浪@Ali lang@4主编 |
| 801 | 0 | @aCN@bRULIN@c20070522 |
| 905 | @dX792@e74@s8 | |
| 食品发酵工业三废处理与工程实例/曹健,李浪主编.-北京:化学工业出版社,2007 |
| 444页:图;21cm |
| ISBN 978-7-122-00015-6:CNY32.00 |
| 本书共有六章。包括:总论,工业废水处理的基本方法,食品发酵工业废水处理实例,固体废弃物的生物处理及处置技术等。 |
| ● |
| 相关链接 |
|
|
|
|
正题名:食品发酵工业三废处理与工程实例
索取号:X792/74
 
预约/预借
| 序号 | 登录号 | 条形码 | 馆藏地/架位号 | 状态 | 备注 |
| 1 | 0573721 | 205737210 | 第二样本阅览室/ [索取号:X792/74] | 在馆 | |
| 2 | 0573722 | 205737229 | 第三借阅区/ [索取号:X792/74] | 在馆 | |
| 3 | 0573723 | 205737238 | 第三借阅区/ [索取号:X792/74] | 在馆 | |
| 4 | 0573724 | 205737247 | 第三借阅区/ [索取号:X792/74] | 在馆 | |
| 5 | 0573725 | 205737256 | 第三借阅区/ [索取号:X792/74] | 在馆 | |
| 6 | 0573726 | 205737265 | 第三借阅区/ [索取号:X792/74] | 在馆 | |
| 7 | 0573727 | 205737274 | 第三借阅区/ [索取号:X792/74] | 在馆 | |
| 8 | 0573728 | 205737283 | 第三借阅区/ [索取号:X792/74] | 在馆 |